Disney Princesses by Voice Actress - Statistics

General Stats
  • This quiz has been taken 32 times
  • The average score is 8 of 13
Answer Stats
Hint Answer % Correct
Ming-Na Wen Mulan
96%
Jodi Benson Ariel
83%
Auliʻi Cravalho Moana
83%
Page O'Hara Belle
74%
Mary Costa Aurora
57%
Linda Larkin Jasmine
57%
Anika Noni Rose Tiana
57%
Irene Bedard Pocahontas
52%
Ilene Woods Cinderella
48%
Amanda Leigh Moore Rapunzel
48%
Kelly Macdonald Merida
43%
Kelly Marie Tran Raya
43%
Adriana Caselotti Snow White
43%
No matching quizzes found
Score Distribution
Percent of People with Each Score
Percentile by Number Answered
Your Score History
You have not taken this quiz